Detalles MARC
| 000 -LÍDER |
| Campo fijo de descripción fija |
01589cam a2200409 i 4500 |
| 001 - NÚMERO DE CONTROL |
| Campo de control |
768714001 |
| 003 - IDENTIFICADOR DEL NÚMERO DE CONTROL |
| Campo de control |
CO-MdFUSB |
| 005 - FECHA Y HORA DE LA ULTIMA TRANSACCIÓN |
| control field |
20240723141945.0 |
| 007 - CAMPO FIJO DE DESCRIPCIÓN FIJA--INFORMACIÓN GENERAL |
| Campo fijo de descripción fija |
ta |
| 008 - ELEMENTOS DE LONGITUD FIJA -- INFORMACIÓN GENERAL |
| Campo fijo de descripción fija -- Información general |
010727t2000 gw 000 0 gerod |
| 020 ## - NÚMERO INTERNACIONAL NORMALIZADO PARA LIBROS |
| Número Internacional Normalizado del libro |
3525032315 |
| 040 ## - FUENTE DE CATALOGACIÓN |
| Agencia de catalogación original |
OHX |
| Idioma de catalogación |
ger |
| Convenciones de la descripción |
rda |
| Agencia que realiza la transcripción |
CO-MdFUSB |
| Agencia que realiza la modificación |
EMT |
| -- |
CO-MdFUSB |
| 041 ## - CÓDIGO DE IDIOMA |
| Código de idioma para texto/pista de sonido o título separado |
ger |
| 049 ## - LOCAL HOLDINGS (OCLC) |
| Holding library |
PTSS |
| 072 #7 - SUBJECT CATEGORY CODE |
| Subject category code |
BS |
| Source |
lcco |
| 082 ## - NÚMERO DE CLASIFICACIÓN DECIMAL DEWEY |
| Número de la edición del Dewey |
23 |
| Número de clasificación |
221.6 |
| Clave de autor-Numero de item |
K899 |
| 090 ## - SIGNATURA TOPOGRÁFICA LOCAL |
| Número de clasificación local |
BS1205.5 |
| 100 1# - ASIENTO PRINCIPAL--NOMBRE PERSONAL |
| Nombre personal |
Kratz, Reinhard Gregor, |
| Fechas asociadas con el nombre |
1957- |
| Término relacionador |
autor |
| 245 14 - TÍTULO |
| Título del Material |
Die Komposition der erzählenden bücher des Alten Testaments : |
| Parte restante del título - Subtitulo |
grundwissen der Bibelkritik / |
| Mención de responsabilidad, etc. |
Reinhard G. Kratz. |
| 264 #1 - PRODUCCIÓN, PUBLICACIÓN, DISTRIBUCIÓN, MANUFACTURA, Y COPYRIGHT |
| Lugar de producción, publicación, distribución, manufactura |
Gottingen : |
| Nombre del productor, publicador, distribuidor |
Vandenhoeck & Ruprecht, |
| Fecha de producción, publicación, distribución, manufactura, o copyright |
[2000] |
| 264 #4 - PRODUCCIÓN, PUBLICACIÓN, DISTRIBUCIÓN, MANUFACTURA, Y COPYRIGHT |
| Fecha de producción, publicación, distribución, manufactura, o copyright |
© 2000 |
| 300 ## - DESCRIPCIÓN FÍSICA |
| Extensión |
336 pàginas ; |
| Dimensiones |
22 cm |
| 336 ## - TIPO DE CONTENIDO |
| Término de tipo de contenido |
texto |
| Código de tipo de contenido |
txt |
| Fuente |
rdacontent |
| 337 ## - TIPO DE MEDIO |
| Nombre del tipo de medio |
sin mediación |
| Código del tipo de medio |
n |
| Fuente |
rdamedia |
| 338 ## - TIPO DE SOPORTE |
| Nombre del tipo de soporte |
volumen |
| Código Tipo de soporte |
nc |
| Fuente |
rdacarrier |
| 490 1# - MENCIÓN DE SERIE |
| Mención de serie |
UTB für Wissenschaft : Uni-Taschenbücher |
| 504 ## - NOTA DE BIBLIOGRAFÍA, ETC. |
| Nota de bibliografía, etc |
Incluye referencias bibliográficas<br/> |
| 505 ## - NOTA DE CONTENIDO |
| Título |
Los escritos crónicos: |
| Nota de contenido con formato preestablecido |
La crónica. -- Esdras y Nehemías. -- La obra histórica crónica. |
| Título |
Torá y profetas posteriores: |
| Nota de contenido con formato preestablecido |
La ley en el Pentateuco. -- El procesamiento de los primeros profetas bajo la influencia de la ley. -- El eneatuco. |
| Título |
La historia de Israel: |
| Nota de contenido con formato preestablecido |
La escritura sacerdotal. -- La narrativa escrita no sacerdotal. -- El exateuco. |
| 563 ## - NOTA DE ENCUADERNACIÓN |
| Nota de encuadernación |
Rùstico |
| 630 07 - TITULO UNIFORME |
| Título uniforme |
Biblia |
| Subdivisión de materia general |
Crítica, interpretación, etc. |
| 830 ## - PUNTO DE ACCESO ADICIONAL DE SERIE - TÍTULO UNIFORME |
| Título uniforme |
UTB für Wissenschaft : Uni-Taschenbücher |
| Designación de volumen o secuencia |
2157 |
| 942 ## - TIPO DE MATERIAL (KOHA) |
| Tipo de Item KOHA |
Libros General |
| 945 ## - INFORMACIÓN LOCAL DEL REGISTRO |
| Catalogador |
JTF-925 |